Online
Catalog

Manual de historia crítica Dominicana (1492-1865) / (Record no. 27848)

MARC details
000 -CABECERA
campo de control de longitud fija 01027nam a2200265 a 4500
001 - NÚMERO DE CONTROL
campo de control 000028356
003 - IDENTIFICADOR DEL NÚMERO DE CONTROL
campo de control DO-SdBNP
005 - FECHA Y HORA DE LA ÚLTIMA TRANSACCIÓN
campo de control 20240710123700.0
007 - CAMPO FIJO DE DESCRIPCIÓN FÍSICA--INFORMACIÓN GENERAL
campo de control de longitud fija ta
008 - DATOS DE LONGITUD FIJA--INFORMACIÓN GENERAL
campo de control de longitud fija 110408s1991 dr ac r 000 0 spa d
040 ## - FUENTE DE LA CATALOGACIÓN
Centro catalogador/agencia de origen DO-SdBNP
Lengua de catalogación spa
Centro/agencia transcriptor BNPHU
082 #4 - NÚMERO DE LA CLASIFICACIÓN DECIMAL DEWEY
Número de clasificación 972.93
Número de documento/Ítem M385m
Número de edición 22
100 1# - ENTRADA PRINCIPAL--NOMBRE DE PERSONA
Nombre de persona Martínez Almanzar, Juan Francisco
Fechas asociadas al nombre 1950 -
9 (RLIN) 10459
245 10 - MENCIÓN DE TÍTULO
Título Manual de historia crítica Dominicana (1492-1865) /
Mención de responsabilidad, etc. Juan Francisco Martínez Almánzar.
260 ## - PUBLICACIÓN, DISTRIBUCIÓN, ETC.
Lugar de publicación, distribución, etc. Santo Domingo :
Nombre del editor, distribuidor, etc. CAIS,
Fecha de publicación, distribución, etc. 1991.
300 ## - DESCRIPCIÓN FÍSICA
Extensión 2v. :
Otras características físicas il., retrs., maps. ;
Dimensiones 21 cm.
500 ## - NOTA GENERAL
Nota general Incluye biografía del autor en la contracubierta
505 0# - NOTA DE CONTENIDO CON FORMATO
Información miscelánea v.1.
Título 1492-1865
Información miscelánea v.2.
Título 1865-1965
590 ## - NOTA LOCAL (RLIN)
Nota local Inventariado, 2019/MFF
651 #4 - PUNTO DE ACCESO ADICIONAL DE MATERIA--NOMBRE GEOGRÁFICO
Nombre geográfico República Dominicana
Subdivisión general Historia
Subdivisión cronológica 1492-1965
9 (RLIN) 55326
651 #4 - PUNTO DE ACCESO ADICIONAL DE MATERIA--NOMBRE GEOGRÁFICO
Nombre geográfico Isla Española (Haití Y Repúplica Dominicana{Rpara}
Subdivisión general Historia
Subdivisión cronológica 1492-1965
9 (RLIN) 55327
710 2# - PUNTO DE ACCESO ADICIONAL--NOMBRE DE ENTIDAD CORPORATIVA
Nombre de entidad corporativa o nombre de jurisdicción como elemento de entrada Centro de Adiestramientos e Investigación Social (República Dominicana)
9 (RLIN) 55328
910 ## - DATOS DE OPCIÓN DEL USUARIO (OCLC)
Datos de opción del usuario Validado. Control de calidad. MFF
942 ## - ELEMENTOS DE PUNTO DE ACCESO ADICIONAL (KOHA)
Fuente del sistema de clasificación o colocación Dewey Decimal Classification
Tipo de ítem Koha Libro
Holdings
Estado de retiro Estado de pérdida Fuente del sistema de clasificación o colocación Restricciones de uso No para préstamo Código de colección Localización permanente Ubicación/localización actual Ubicación en estantería Fecha de adquisición Signatura topográfica completa Código de barras Fecha visto por última vez Número de copia Precio válido a partir de Tipo de ítem Koha Nota pública
    Dewey Decimal Classification Excluido de préstamo   Patrimonio Dominicano Biblioteca Nacional Pedro Henríquez Ureña Biblioteca Nacional Pedro Henríquez Ureña Depósito 08.04.2011 BNPHU PD 972.93 M385m 28356-10 25.06.2020 v.1 25.06.2020 Libro  
    Dewey Decimal Classification Excluido de préstamo   Patrimonio Dominicano Biblioteca Nacional Pedro Henríquez Ureña Biblioteca Nacional Pedro Henríquez Ureña Depósito 20.04.2015 BNPHU PD 972.93 M385m 28356-20 25.06.2020 v.1, e.2 25.06.2020 Libro  
    Dewey Decimal Classification Excluido de préstamo   Patrimonio Dominicano Biblioteca Nacional Pedro Henríquez Ureña Biblioteca Nacional Pedro Henríquez Ureña Depósito 18.06.2019 BNPHU PD 972.93 M385m 28356-30 25.06.2020 v.2 25.06.2020 Libro Perteneció a la biblioteca personal de la familia Reyes Duluc.

Powered by Koha